[Event "Ukraine Chess Championship-2017 U20 B"]
[Site "Lviv"]
[Date "2017.02.21"]
[Round "1.4"]
[White "Bakhmatsky, Vladislav"]
[Black "Motyka, Volodymyr"]
[Result "1-0"]
[WhiteElo "2444"]
[BlackElo "1757"]
[PlyCount "65"]
[EventDate "2017.02.21"]
[EventType "swiss"]
[EventRounds "9"]
[EventCountry "UKR"]

1. e4 c5 2. Nf3 e6 3. d4 cxd4 4. Nxd4 a6 5. Nc3 Qc7 6. Bd3 Nc6 7. Nxc6 bxc6 8.
O-O Nf6 9. Re1 d5 10. Bg5 d4 11. Nb1 Be7 12. e5 Nd5 13. Bxe7 Qxe7 14. Qg4 Qb4
15. Na3 O-O 16. Nc4 c5 17. Qh4 g6 18. a3 Qb8 19. Nd2 f6 20. exf6 Nxf6 21. b3
Ra7 22. Bc4 Qb6 23. Re5 Qd6 24. Rae1 Nd5 25. Qg5 Nf4 26. Ne4 Qb6 27. Nxc5 Raf7
28. Nxe6 Nxe6 29. Rxe6 Bxe6 30. Rxe6 Qc7 31. Re7 Qd6 32. Rxf7 Rxf7 33. Qd5 1-0

[Event "Ukraine Chess Championship-2017 U20 B"]
[Site "Lviv"]
[Date "2017.02.21"]
[Round "1.5"]
[White "Ilkiv, Andrii"]
[Black "Yelisieiev, Yevhenii"]
[Result "0-1"]
[WhiteElo "1704"]
[BlackElo "2343"]
[PlyCount "58"]
[EventDate "2017.02.21"]
[EventType "swiss"]
[EventRounds "9"]
[EventCountry "UKR"]

1. e4 d6 2. d4 Nf6 3. Nc3 Nbd7 4. Nf3 e5 5. Bc4 Be7 6. O-O O-O 7. Re1 c6 8. a4
a5 9. h3 Nb6 10. Bf1 exd4 11. Nxd4 d5 12. e5 Ne8 13. Nce2 g6 14. Nf4 Ng7 15. g3
Re8 16. h4 Bc5 17. Nb3 Bf8 18. h5 Qc7 19. hxg6 hxg6 20. Bd2 Nc4 21. Bxc4 dxc4
22. Nxa5 Rxa5 23. Bxa5 Qxa5 24. Qd4 Qc5 25. Qc3 Ne6 26. Ng2 Ng5 27. Qe3 Qxe3
28. Rxe3 Bc5 29. Re2 Bg4 0-1

[Event "Ukraine Chess Championship-2017 U20 B"]
[Site "Lviv"]
[Date "2017.02.21"]
[Round "1.6"]
[White "Soroka, Danylo"]
[Black "Dmytriv, Roman"]
[Result "1-0"]
[WhiteElo "2283"]
[BlackElo "1690"]
[PlyCount "51"]
[EventDate "2017.02.21"]
[EventType "swiss"]
[EventRounds "9"]
[EventCountry "UKR"]

1. d4 d5 2. Nf3 Nf6 3. c4 e6 4. Nc3 Nc6 5. Bg5 Be7 6. e3 h6 7. Bh4 O-O 8. Rc1
a6 9. Be2 dxc4 10. Bxc4 b5 11. Bd3 Nb4 12. Bb1 Bb7 13. O-O Nbd5 14. Nxd5 Bxd5
15. Qc2 Ne4 16. Bxe7 Qxe7 17. Nd2 f5 18. Nxe4 Bxe4 19. Qxc7 Qxc7 20. Rxc7 Rfc8
21. Bxe4 fxe4 22. Rfc1 Rxc7 23. Rxc7 a5 24. f3 exf3 25. gxf3 b4 26. Kf2 1-0

[Event "Ukraine Chess Championship-2017 U20 B"]
[Site "Lviv"]
[Date "2017.02.22"]
[Round "2.4"]
[White "Kyrychenko, Maryan"]
[Black "Bakhmatsky, Vladislav"]
[Result "0-1"]
[WhiteElo "2035"]
[BlackElo "2444"]
[PlyCount "68"]
[EventDate "2017.02.21"]
[EventType "swiss"]
[EventRounds "9"]
[EventCountry "UKR"]

1. e4 c5 2. Nc3 a6 3. f4 b5 4. Nf3 Bb7 5. d3 e6 6. Be2 d5 7. O-O d4 8. Nb1 Nf6
9. Ne5 Nfd7 10. Nxd7 Qxd7 11. f5 e5 12. Nd2 Be7 13. Qe1 Nc6 14. Qg3 Bf6 15. Nb3
Qe7 16. c3 Rc8 17. cxd4 exd4 18. Bf4 Ne5 19. Rac1 O-O 20. Nd2 Bh4 21. Qh3 Bg5
22. Bxe5 Qxe5 23. Nf3 Be3+ 24. Kh1 Qe7 25. Rcd1 f6 26. Ne1 Rfd8 27. Nc2 Bh6 28.
a4 Qe5 29. axb5 axb5 30. Qg3 c4 31. dxc4 bxc4 32. Bxc4+ Rxc4 33. Qb3 Qxe4 34.
Ne3 Bd5 0-1

[Event "Ukraine Chess Championship-2017 U20 B"]
[Site "Lviv"]
[Date "2017.02.22"]
[Round "2.5"]
[White "Yelisieiev, Yevhenii"]
[Black "Volotovsky, Kirill"]
[Result "1/2-1/2"]
[WhiteElo "2343"]
[BlackElo "2022"]
[PlyCount "120"]
[EventDate "2017.02.21"]
[EventType "swiss"]
[EventRounds "9"]
[EventCountry "UKR"]

1. d4 Nf6 2. Nf3 e6 3. e3 c5 4. Bd3 d5 5. b3 Nc6 6. O-O Bd6 7. Bb2 O-O 8. a3 b6
9. Nbd2 Bb7 10. Ne5 a5 11. f4 a4 12. Rf3 axb3 13. cxb3 cxd4 14. exd4 Ne7 15.
Rh3 Ng6 16. Qf3 Ba6 17. Bb1 Qe7 18. b4 Bb7 19. g4 Rfc8 20. g5 Ne4 21. Nxe4 dxe4
22. Bxe4 Bxe4 23. Qxe4 Bxb4 24. Rb3 Bd2 25. Rf1 Qc7 26. Rf2 Qc2 27. Qf3 Nh4 28.
Qh3 Nf5 29. d5 Qb1+ 30. Qf1 Qxf1+ 31. Kxf1 Be3 32. dxe6 fxe6 33. Rf3 Rc2 34.
Ng4 Bd4 35. Bxd4 Nxd4 36. Rfc3 Rf8 37. Rxc2 Rxf4+ 38. Kg2 Nxc2 39. Kg3 Ra4 40.
Rxb6 Rxa3+ 41. Kf2 Nd4 42. Rb8+ Kf7 43. Ne5+ Ke7 44. Rb7+ Kd6 45. Nc4+ Kc6 46.
Rxg7 Ra2+ 47. Kf1 Rxh2 48. Ne5+ Kd6 49. Ng4 Nf5 50. Ra7 Rh5 51. Nf6 Ng3+ 52.
Kf2 Rxg5 53. Nxh7 Rg6 54. Kf3 Nf5 55. Kf4 Ne7 56. Ke4 Rg4+ 57. Kd3 Nc6 58. Rb7
Ne5+ 59. Ke2 Nd7 60. Rxd7+ Ke5 1/2-1/2

[Event "Ukraine Chess Championship-2017 U20 B"]
[Site "Lviv"]
[Date "2017.02.22"]
[Round "2.6"]
[White "Bilych, Olexiy"]
[Black "Soroka, Danylo"]
[Result "1/2-1/2"]
[WhiteElo "2006"]
[BlackElo "2283"]
[PlyCount "81"]
[EventDate "2017.02.21"]
[EventType "swiss"]
[EventRounds "9"]
[EventCountry "UKR"]

1. e4 d5 2. exd5 Qxd5 3. Nc3 Qd6 4. d4 Nf6 5. Bd3 a6 6. Nge2 e6 7. Bf4 Qd8 8.
Qd2 Be7 9. O-O-O b5 10. Ne4 Nbd7 11. Nxf6+ Nxf6 12. Qa5 c6 13. Qxd8+ Bxd8 14.
Ng3 Nd5 15. Bd6 Kd7 16. Bc5 Nf4 17. Rhg1 a5 18. Ne4 Ba6 19. Bf1 Bc7 20. g3 Nd5
21. c3 h6 22. Bd3 g5 23. Nd2 g4 24. h3 h5 25. h4 f5 26. f4 gxf3 27. Nxf3 b4 28.
c4 Ne3 29. d5 Nxd1 30. dxe6+ Ke8 31. Rxd1 Rd8 32. Bxf5 Rxd1+ 33. Kxd1 Bxc4 34.
Ng5 Rh6 35. Bd4 Kf8 36. Bc5+ Ke8 37. Bd4 Kf8 38. Bc5+ Ke8 39. Bd4 Ke7 40. Bc5+
Ke8 41. Bd4 1/2-1/2

[Event "Ukraine Chess Championship-2017 U20 B"]
[Site "Lviv"]
[Date "2017.02.23"]
[Round "3.4"]
[White "Bakhmatsky, Vladislav"]
[Black "Medvedyk, Vasyl"]
[Result "1-0"]
[WhiteElo "2444"]
[BlackElo "2067"]
[PlyCount "71"]
[EventDate "2017.02.21"]
[EventType "swiss"]
[EventRounds "9"]
[EventCountry "UKR"]

1. e4 e6 2. d4 d5 3. Nd2 c5 4. exd5 Qxd5 5. dxc5 Nf6 6. Ngf3 Bxc5 7. Bc4 Qc6 8.
Qe2 a6 9. O-O Nbd7 10. a3 O-O 11. b4 Bd6 12. Bb2 b6 13. Rad1 Bb7 14. Bd3 Bc7
15. Rfe1 e5 16. c4 Rfe8 17. Ne4 Nh5 18. Neg5 Ndf6 19. b5 Qc5 20. Ne4 Bxe4 21.
Bxe4 Nxe4 22. Qxe4 axb5 23. cxb5 Qxb5 24. Bxe5 Bxe5 25. Nxe5 Qa4 26. Qd5 Qf4
27. g3 Qf6 28. Re3 Qe6 29. Qb7 Rab8 30. Qf3 g6 31. Nc6 Qf6 32. Nxb8 Rxb8 33.
Qxf6 Nxf6 34. Rb3 b5 35. a4 Ra8 36. axb5 1-0

[Event "Ukraine Chess Championship-2017 U20 B"]
[Site "Lviv"]
[Date "2017.02.23"]
[Round "3.5"]
[White "Polulikh, Bogdan"]
[Black "Lisnyak, Vladislav"]
[Result "1/2-1/2"]
[WhiteElo "2252"]
[BlackElo "2064"]
[Annotator ",Àäìèíèñòðàòîð"]
[PlyCount "109"]
[EventDate "2017.02.21"]
[EventType "swiss"]
[EventRounds "9"]
[EventCountry "UKR"]

1. d4 Nf6 2. Nf3 d5 3. c4 e6 4. Nc3 Nbd7 5. Bf4 Bb4 6. a3 Bxc3+ 7. bxc3 b6 8.
cxd5 exd5 9. e3 O-O 10. Bd3 Bb7 11. O-O Qe7 12. Ne5 c5 13. Nxd7 Nxd7 14. Qh5
Nf6 15. Qh4 Rfe8 16. Bg5 h6 17. Bxf6 Qxf6 18. Qxf6 gxf6 19. dxc5 bxc5 20. Rab1
Bc6 21. Bb5 Re6 22. h3 Rb8 23. Bxc6 Rxb1 24. Rxb1 Rxc6 25. Rb8+ Kg7 26. Rd8 Ra6
27. Rxd5 Rxa3 28. Rxc5 Ra2 29. g4 a5 30. Kg2 a4 31. Ra5 Rc2 32. Rxa4 Rxc3 33.
Ra5 Kg6 34. Kg3 Rc4 35. h4 Rb4 36. Rd5 Ra4 37. Rd4 Ra1 38. Kf4 Ra2 39. f3 Rh2
40. h5+ Kg7 41. Kf5 Rf2 42. f4 Ra2 43. e4 Ra5+ 44. Rd5 Ra1 45. e5 fxe5 46. Rxe5
Rb1 47. Rc5 Ra1 48. Rd5 Rb1 49. Rd4 Rb5+ 50. Ke4 Rb1 51. Ke5 Rb5+ 52. Kd6 Ra5
53. Ke7 Ra7+ 54. Rd7 Ra4 55. g5 $11 1/2-1/2

[Event "Ukraine Chess Championship-2017 U20 B"]
[Site "Lviv"]
[Date "2017.02.23"]
[Round "3.6"]
[White "Peng, Li Min"]
[Black "Gayun, Dmytro"]
[Result "1-0"]
[WhiteElo "2216"]
[BlackElo "2053"]
[PlyCount "65"]
[EventDate "2017.02.21"]
[EventType "swiss"]
[EventRounds "9"]
[EventCountry "UKR"]

1. e4 Nf6 2. d3 d5 3. Nd2 c5 4. Ngf3 Nc6 5. g3 Bg4 6. Bg2 dxe4 7. dxe4 e5 8.
O-O Bd6 9. c3 O-O 10. Qc2 b5 11. Rd1 Qc7 12. Nf1 Rad8 13. Bg5 Be7 14. Ne3 Qc8
15. Nd5 Nxd5 16. exd5 Bxf3 17. Bxf3 Bxg5 18. dxc6 a6 19. Bd5 Qc7 20. a4 Be7 21.
axb5 axb5 22. Qb3 Rb8 23. Be4 Bd6 24. Ra6 Kh8 25. Qa2 Rbd8 26. Ra7 Qc8 27. Rxf7
c4 28. Qa7 Rxf7 29. Qxf7 Bc7 30. Rd7 Rxd7 31. cxd7 Qg8 32. Qe8 g6 33. Bd5 1-0

[Event "Ukraine Chess Championship-2017 U20 B"]
[Site "Lviv"]
[Date "2017.02.23"]
[Round "4.5"]
[White "Basko, Bogdan"]
[Black "Peng, Li Min"]
[Result "1/2-1/2"]
[WhiteElo "2184"]
[BlackElo "2216"]
[Annotator ",Àäìèíèñòðàòîð"]
[PlyCount "44"]
[EventDate "2017.02.21"]
[EventType "swiss"]
[EventRounds "9"]
[EventCountry "UKR"]

1. d4 g6 2. c4 Bg7 3. Nc3 d6 4. e4 e5 5. Be3 Ne7 6. d5 f5 7. f3 Nd7 8. Bd3 Nf6
9. Nge2 O-O 10. Qd2 fxe4 11. Nxe4 Nxe4 12. fxe4 Kh8 13. O-O-O Ng8 14. h3 Bd7
15. Rdf1 b6 16. Kc2 Qe7 17. g4 Qh4 18. Qe1 Qxe1 19. Rxe1 Rf3 20. Ng1 Rg3 21.
Rh2 Bh6 22. Bxh6 Nxh6 $11 1/2-1/2

[Event "Ukraine Chess Championship-2017 U20 B"]
[Site "Lviv"]
[Date "2017.02.23"]
[Round "4.6"]
[White "Soroka, Danylo"]
[Black "Fomin, Maxim"]
[Result "1-0"]
[WhiteElo "2283"]
[BlackElo "1949"]
[PlyCount "61"]
[EventDate "2017.02.21"]
[EventType "swiss"]
[EventRounds "9"]
[EventCountry "UKR"]

1. d4 Nf6 2. c4 e6 3. g3 Bb4+ 4. Nd2 d5 5. Ngf3 c6 6. Bg2 b6 7. O-O Bb7 8. b3
O-O 9. Bb2 Nbd7 10. Ne5 Bxd2 11. Nxd7 Qxd7 12. Qxd2 Ne4 13. Bxe4 dxe4 14. Qf4
f5 15. a4 Rf7 16. a5 b5 17. a6 Bc8 18. Rfc1 bxc4 19. Rxc4 Qc7 20. Qxc7 Rxc7 21.
Bc1 e5 22. d5 Bd7 23. Ra5 Rb8 24. d6 Rcc8 25. Rxe5 Rxb3 26. Re7 Rd8 27. Bd2 Rb5
28. Bc3 g6 29. Rg7+ Kf8 30. Rxh7 Be8 31. Rxa7 1-0

[Event "Ukraine Chess Championship-2017 U20 B"]
[Site "Lviv"]
[Date "2017.02.24"]
[Round "5.4"]
[White "Bakhmatsky, Vladislav"]
[Black "Basko, Bogdan"]
[Result "1-0"]
[WhiteElo "2444"]
[BlackElo "2184"]
[PlyCount "79"]
[EventDate "2017.02.21"]
[EventType "swiss"]
[EventRounds "9"]
[EventCountry "UKR"]

1. e4 e5 2. Nf3 Nf6 3. Nc3 d6 4. d4 Nbd7 5. Bc4 Be7 6. O-O O-O 7. Re1 c6 8. a4
b6 9. Bg5 Bb7 10. Bxf6 Bxf6 11. d5 c5 12. Nd2 Bg5 13. a5 a6 14. axb6 Nxb6 15.
Bf1 Bxd2 16. Qxd2 f5 17. exf5 Rxf5 18. g3 Rf7 19. Bh3 Bc8 20. Bxc8 Qxc8 21. Ne4
Qd7 22. Ra2 Rff8 23. Rea1 a5 24. b3 Qg4 25. Re1 Qg6 26. Qd3 h6 27. c4 Nc8 28.
Rea1 Qg4 29. Rxa5 Rb8 30. Kg2 Qf5 31. Ra8 Rb7 32. Qe3 Rbf7 33. R1a2 Qg6 34.
R8a6 Qg4 35. Nxd6 Nxd6 36. Rxd6 e4 37. Re6 Rf3 38. Qxe4 R3f4 39. h3 Qg5 40. Qg6
1-0

[Event "Ukraine Chess Championship-2017 U20 B"]
[Site "Lviv"]
[Date "2017.02.24"]
[Round "5.5"]
[White "Roshka, Yevgeniy"]
[Black "Soroka, Danylo"]
[Result "0-1"]
[WhiteElo "2212"]
[BlackElo "2283"]
[PlyCount "130"]
[EventDate "2017.02.21"]
[EventType "swiss"]
[EventRounds "9"]
[EventCountry "UKR"]

1. Nf3 Nf6 2. g3 d5 3. Bg2 e6 4. O-O Be7 5. d3 c5 6. Nbd2 Nc6 7. e4 Qc7 8. Re1
a6 9. c3 b5 10. exd5 Nxd5 11. c4 Nf6 12. d4 cxd4 13. cxb5 axb5 14. Nxd4 Nxd4
15. Bxa8 Nc2 16. Ne4 Nxe1 17. Bf4 e5 18. Rc1 Qd8 19. Nxf6+ gxf6 20. Bh6 Qxd1
21. Rxd1 Bb4 22. a3 Bg4 23. Ra1 Nc2 24. Rb1 Bd6 25. Be4 Nd4 26. Bg7 Rg8 27.
Bxf6 Kd7 28. Bxh7 Rc8 29. h4 Ke6 30. Bg5 f5 31. Kg2 Bf3+ 32. Kf1 Rh8 33. Bg6
Rg8 34. h5 Bxh5 35. Bxh5 Rxg5 36. Bd1 Rg7 37. Kg2 Kd5 38. b4 Ra7 39. Bh5 Rxa3
40. Bf7+ Ke4 41. Bg6 Ra4 42. g4 Rxb4 43. Rh1 Kf4 44. gxf5 Nxf5 45. Rh5 Nd4 46.
Bd3 Rb3 47. Bh7 Ra3 48. Rh6 Be7 49. Rb6 Ra7 50. Bg8 Bc5 51. Rb8 Rg7+ 52. Kf1
Rg6 53. Bd5 Kg5 54. Rc8 Bb6 55. Re8 Kf6 56. Rb8 Kg5 57. Re8 Bc7 58. Be4 Rb6 59.
Rc8 Bd6 60. Ke1 b4 61. Kd1 b3 62. Kc1 Kf4 63. Bg2 Ba3+ 64. Kb1 Rg6 65. Rf8+
Bxf8 0-1

[Event "Ukraine Chess Championship-2017 U20 B"]
[Site "Lviv"]
[Date "2017.02.24"]
[Round "5.6"]
[White "Peng, Li Min"]
[Black "Lisnyak, Vladislav"]
[Result "1-0"]
[WhiteElo "2216"]
[BlackElo "2064"]
[PlyCount "93"]
[EventDate "2017.02.21"]
[EventType "swiss"]
[EventRounds "9"]
[EventCountry "UKR"]

1. e4 c5 2. Nc3 e6 3. g3 d5 4. d3 Ne7 5. Bg2 Nbc6 6. Nh3 dxe4 7. Nxe4 Nd5 8.
Nf4 Be7 9. O-O O-O 10. Ne2 e5 11. h3 Be6 12. Kh2 f5 13. N4c3 f4 14. Nxd5 Bxd5
15. Bxd5+ Qxd5 16. Nc3 Qf7 17. g4 f3 18. Ne4 Nd4 19. Be3 h5 20. g5 Qg6 21. c3
Ne2 22. Qb3+ Kh8 23. Qxb7 Rae8 24. Rad1 Nf4 25. Nxc5 Bxc5 26. Bxc5 Nxd3 27.
Bxf8 Rxf8 28. Qe7 Re8 29. Qxa7 e4 30. Qd4 Qf5 31. Rg1 Nf4 32. Qd7 Qe5 33. Qd4
Qf5 34. Rg3 Ne2 35. Qd7 Qe5 36. Rd5 Qb8 37. Rb5 h4 38. Rxb8 hxg3+ 39. fxg3 Rxb8
40. Qe7 f2 41. Kg2 Rxb2 42. Qe8+ Kh7 43. Qxe4+ Kg8 44. Qe8+ Kh7 45. Qe4+ Kg8
46. Qc4+ Kh7 47. Kxf2 1-0

[Event "Ukraine Chess Championship-2017 U20 B"]
[Site "Lviv"]
[Date "2017.02.25"]
[Round "6.4"]
[White "Peng, Li Min"]
[Black "Bakhmatsky, Vladislav"]
[Result "1-0"]
[WhiteElo "2216"]
[BlackElo "2444"]
[PlyCount "85"]
[EventDate "2017.02.21"]
[EventType "swiss"]
[EventRounds "9"]
[EventCountry "UKR"]

1. e4 c5 2. Nc3 Nc6 3. Bb5 Nd4 4. Bc4 e6 5. Nf3 a6 6. a4 Nf6 7. Ba2 d5 8. d3
Be7 9. O-O O-O 10. exd5 Nxd5 11. Nxd5 exd5 12. Nxd4 cxd4 13. Qf3 Be6 14. Bf4
Bg5 15. Be5 Rc8 16. Bb3 Bf6 17. Bxf6 Qxf6 18. Qxf6 gxf6 19. a5 Rc5 20. Ra4 Rfc8
21. Rfa1 Rb5 22. Kf1 Rcc5 23. Ke1 Bd7 24. Rxd4 Be6 25. Kd2 Rc8 26. Ba4 Rbc5 27.
b4 R5c7 28. Bb3 Kg7 29. Rc1 Rd7 30. c4 Rdc7 31. c5 Rd8 32. Bd1 f5 33. Bf3 Kg6
34. Re1 Rcd7 35. Re3 Rg8 36. Kc3 Rgd8 37. Bd1 Rc8 38. Rh4 d4+ 39. Rxd4 Rxd4 40.
Kxd4 Rd8+ 41. Kc3 f4 42. Re4 Kf5 43. Bf3 1-0

[Event "Ukraine Chess Championship-2017 U20 B"]
[Site "Lviv"]
[Date "2017.02.25"]
[Round "6.5"]
[White "Volotovsky, Kirill"]
[Black "Soroka, Danylo"]
[Result "1/2-1/2"]
[WhiteElo "2022"]
[BlackElo "2283"]
[PlyCount "72"]
[EventDate "2017.02.21"]
[EventType "swiss"]
[EventRounds "9"]
[EventCountry "UKR"]

1. e4 b6 2. d4 Bb7 3. Bd3 e6 4. Ne2 Nf6 5. Nd2 c5 6. c3 d6 7. O-O Be7 8. Ng3
O-O 9. f4 Ba6 10. Nf3 cxd4 11. cxd4 Qd7 12. b3 Rc8 13. Bb2 Bxd3 14. Qxd3 Nc6
15. a3 Na5 16. d5 Rc7 17. f5 exd5 18. exd5 Rac8 19. Rae1 Rc2 20. Ba1 Ra2 21.
Ne4 Rcc2 22. Rf2 Rxf2 23. Nxf2 Rxa3 24. Nd2 Nb7 25. g4 Nc5 26. Qd4 h6 27. Qb2
Ra5 28. h4 Bf8 29. Qd4 Ra2 30. b4 Na6 31. Nde4 Nxe4 32. Nxe4 Qc8 33. Bc3 Rc2
34. Qd3 Ra2 35. Qd4 Rc2 36. Qd3 Ra2 1/2-1/2

[Event "Ukraine Chess Championship-2017 U20 B"]
[Site "Lviv"]
[Date "2017.02.25"]
[Round "6.6"]
[White "Scherbak, Yaroslav"]
[Black "Polulikh, Bogdan"]
[Result "1/2-1/2"]
[WhiteElo "1913"]
[BlackElo "2252"]
[PlyCount "157"]
[EventDate "2017.02.21"]
[EventType "swiss"]
[EventRounds "9"]
[EventCountry "UKR"]

1. d4 d5 2. c4 Nc6 3. e3 e5 4. cxd5 Qxd5 5. Nc3 Bb4 6. Bd2 Bxc3 7. bxc3 exd4 8.
cxd4 Nf6 9. Nf3 O-O 10. Bd3 Bf5 11. Bxf5 Qxf5 12. Qb1 Qg4 13. O-O Rab8 14. Qb3
Rfd8 15. Rac1 h6 16. h3 Qe4 17. Rc5 Nd7 18. Rb5 a6 19. Rh5 Qg6 20. Rh4 Ne7 21.
e4 Qb6 22. Qc2 Qc6 23. Qb3 Qb6 24. Qc2 Ng6 25. Rh5 Qc6 26. Qxc6 bxc6 27. Ra5
Nf6 28. Re1 Rb6 29. h4 Re8 30. h5 Nf8 31. Ne5 Ne6 32. Bc3 Rd8 33. Nc4 Rb5 34.
Rxa6 Nxd4 35. Bxd4 Rxd4 36. Rxc6 Rxe4 37. Rxe4 Nxe4 38. f3 Nc3 39. Na3 Ne2+ 40.
Kf2 Ra5 41. Kxe2 Rxa3 42. Rc2 Kf8 43. Kf2 Ra7 44. Re2 f5 45. g4 Kf7 46. Kg3 c5
47. Re5 fxg4 48. fxg4 Rc7 49. Re1 c4 50. a4 Ra7 51. Re4 Rc7 52. Re1 Rc5 53. Kf4
c3 54. Rc1 Rc4+ 55. Kf5 Ke7 56. a5 Kd6 57. a6 Kc7 58. Ke6 Kb6 59. Kd5 Rxg4 60.
Rxc3 Rg5+ 61. Ke6 Rxh5 62. a7 Ra5 63. a8=Q Rxa8 64. Rg3 g5 65. Rh3 Ra6 66. Kf5
Kc5 67. Rd3 Rd6 68. Re3 Kd4 69. Re4+ Kd3 70. Re8 Rd4 71. Re6 Rf4+ 72. Kg6 g4
73. Kh5 g3 74. Rg6 Rf3 75. Kh4 Ke2 76. Rxg3 Rxg3 77. Kxg3 h5 78. Kh4 Kd3 79.
Kxh5 1/2-1/2

[Event "Ukraine Chess Championship-2017 U20 B"]
[Site "Lviv"]
[Date "2017.02.26"]
[Round "7.4"]
[White "Soroka, Danylo"]
[Black "Peng, Li Min"]
[Result "1-0"]
[WhiteElo "2283"]
[BlackElo "2216"]
[PlyCount "75"]
[EventDate "2017.02.21"]
[EventType "swiss"]
[EventRounds "9"]
[EventCountry "UKR"]

1. d4 g6 2. c4 Bg7 3. Nc3 d6 4. e4 e5 5. Nf3 Bg4 6. dxe5 Bxf3 7. gxf3 Bxe5 8.
f4 Bg7 9. Be3 Nc6 10. c5 dxc5 11. Qxd8+ Rxd8 12. Bxc5 Bd4 13. Ba3 Nf6 14. Bg2
Na5 15. Nb5 Nc4 16. Nxc7+ Kd7 17. Rc1 Nxa3 18. bxa3 Bb6 19. Nb5 Ke7 20. Nc3 Ba5
21. Ke2 Rc8 22. Nb5 Nh5 23. Nxa7 Rcd8 24. Rhd1 Nxf4+ 25. Kf3 Rxd1 26. Rxd1 Ne6
27. Rb1 Rd8 28. Rxb7+ Kf6 29. e5+ Kg5 30. Bf1 Rd1 31. Nc6 Be1 32. Rxf7 Rd2 33.
Kg3 Rc2 34. h4+ Kh6 35. Ne7 g5 36. Kg4 Rxf2 37. hxg5+ Nxg5 38. Nf5+ 1-0

[Event "Ukraine Chess Championship-2017 U20 B"]
[Site "Lviv"]
[Date "2017.02.26"]
[Round "7.5"]
[White "Bakhmatsky, Vladislav"]
[Black "Volotovsky, Kirill"]
[Result "1-0"]
[WhiteElo "2444"]
[BlackElo "2022"]
[PlyCount "91"]
[EventDate "2017.02.21"]
[EventType "swiss"]
[EventRounds "9"]
[EventCountry "UKR"]

1. e4 c5 2. Nf3 Nc6 3. Nc3 e6 4. d4 cxd4 5. Nxd4 Qc7 6. Be3 a6 7. Qf3 Nf6 8.
O-O-O Bb4 9. Nxc6 bxc6 10. Bd4 Bd6 11. Na4 Be5 12. Bxe5 Qxe5 13. Nb6 Rb8 14.
Nc4 Qg5+ 15. Kb1 O-O 16. Nd6 Qe5 17. c3 c5 18. Qg3 Qxg3 19. hxg3 a5 20. f3 Bb7
21. Bb5 Rfd8 22. a4 h6 23. Rh4 Kf8 24. Rf4 e5 25. Rf5 Re8 26. Nxe8 Rxe8 27.
Rxf6 gxf6 28. Rxd7 Re7 29. Rd8+ Kg7 30. g4 Kg6 31. Rd6 Kg5 32. g3 h5 33. gxh5
f5 34. Bc6 fxe4 35. Bxb7 e3 36. Ba6 f5 37. Be2 f4 38. gxf4+ exf4 39. Rg6+ Kxh5
40. Rg4 Rf7 41. Kc2 Rd7 42. Bd3 Re7 43. Rxf4 e2 44. Bxe2 Rxe2+ 45. Kb3 Kg5 46.
Re4 1-0

[Event "Ukraine Chess Championship-2017 U20 B"]
[Site "Lviv"]
[Date "2017.02.26"]
[Round "7.6"]
[White "Basko, Bogdan"]
[Black "Scherbak, Yaroslav"]
[Result "1/2-1/2"]
[WhiteElo "2184"]
[BlackElo "1913"]
[PlyCount "42"]
[EventDate "2017.02.21"]
[EventType "swiss"]
[EventRounds "9"]
[EventCountry "UKR"]

1. d4 Nf6 2. Nf3 e6 3. Bg5 c5 4. e3 Be7 5. Bd3 b6 6. Nbd2 Bb7 7. c3 O-O 8. O-O
Nc6 9. Qe2 cxd4 10. exd4 Nd5 11. Be3 f5 12. Nc4 Qc7 13. a4 Rae8 14. Bd2 Bf6 15.
Nce5 Nde7 16. Rfe1 d6 17. Nxc6 Nxc6 18. Bb5 Re7 19. Qd3 Nd8 20. Bf4 Nf7 21. Qc4
Qxc4 1/2-1/2

[Event "Ukraine Chess Championship-2017 U20 B"]
[Site "Lviv"]
[Date "2017.02.27"]
[Round "8.4"]
[White "Soroka, Danylo"]
[Black "Bakhmatsky, Vladislav"]
[Result "0-1"]
[WhiteElo "2283"]
[BlackElo "2444"]
[PlyCount "90"]
[EventDate "2017.02.21"]
[EventType "swiss"]
[EventRounds "9"]
[EventCountry "UKR"]

1. d4 Nf6 2. c4 g6 3. Nc3 d5 4. cxd5 Nxd5 5. e4 Nxc3 6. bxc3 Bg7 7. Nf3 c5 8.
Rb1 O-O 9. Be2 b6 10. O-O Qc7 11. Bg5 Nc6 12. d5 Ne5 13. Nxe5 Bxe5 14. f4 Bxc3
15. Qd3 Bg7 16. Kh1 Bb7 17. Rbd1 Rad8 18. Qc4 Qd7 19. Qb3 h6 20. Bh4 Bf6 21.
Bg3 e6 22. Bb5 Qc8 23. e5 Bg7 24. d6 a6 25. Be2 Qa8 26. Rf2 b5 27. Bh4 Rd7 28.
Qe3 Qc8 29. Bd3 c4 30. Bc2 Qc6 31. Rd4 Qc5 32. Rfd2 c3 33. R2d3 b4 34. Qh3 Qa5
35. Bb3 c2 36. Bxc2 Qxa2 37. Bb3 Qe2 38. Kg1 Rc8 39. Bd1 Rc1 40. Rd2 Qb5 41.
Rb2 Qc5 42. Bf2 Qxd4 43. Bxd4 Rxd1+ 44. Kf2 Rxd4 45. g3 R4xd6 0-1

[Event "Ukraine Chess Championship-2017 U20 B"]
[Site "Lviv"]
[Date "2017.02.27"]
[Round "8.5"]
[White "Peng, Li Min"]
[Black "Kyrychenko, Maryan"]
[Result "1-0"]
[WhiteElo "2216"]
[BlackElo "2035"]
[PlyCount "59"]
[EventDate "2017.02.21"]
[EventType "swiss"]
[EventRounds "9"]
[EventCountry "UKR"]

1. d4 Nf6 2. c4 e6 3. Nc3 Bb4 4. a3 Bxc3+ 5. bxc3 Ne4 6. e3 f5 7. Bd3 Nf6 8.
Ne2 d6 9. O-O O-O 10. f3 e5 11. Qc2 g6 12. e4 f4 13. c5 b6 14. cxd6 cxd6 15. a4
Be6 16. Ba3 Rf7 17. Rfd1 Qc7 18. Qb2 d5 19. exd5 Nxd5 20. Be4 Nc6 21. dxe5 Qxe5
22. c4 Qxb2 23. Bxb2 Ndb4 24. Rd6 Re8 25. Rxc6 Nxc6 26. Bxc6 Rc8 27. Be4 Kf8
28. Be5 g5 29. Nd4 Bd7 30. Bd5 1-0

[Event "Ukraine Chess Championship-2017 U20 B"]
[Site "Lviv"]
[Date "2017.02.27"]
[Round "8.6"]
[White "Motyka, Volodymyr"]
[Black "Basko, Bogdan"]
[Result "1/2-1/2"]
[WhiteElo "1757"]
[BlackElo "2184"]
[PlyCount "83"]
[EventDate "2017.02.21"]
[EventType "swiss"]
[EventRounds "9"]
[EventCountry "UKR"]

1. e4 c5 2. Nf3 a6 3. b4 cxb4 4. a3 b3 5. cxb3 d5 6. exd5 Nf6 7. Bb2 Nxd5 8.
Bc4 e6 9. O-O Nf6 10. a4 Nc6 11. Nc3 Be7 12. Qc2 O-O 13. Ne4 Nb4 14. Qb1 Nxe4
15. Qxe4 Nd5 16. Rfe1 Nf6 17. Qc2 Bd7 18. Ne5 Rc8 19. Qd3 Bc6 20. Qxd8 Rfxd8
21. d4 Bd5 22. Rac1 Bd6 23. f4 Bb4 24. Re2 Ba5 25. Rec2 Be4 26. Bd3 Rxc2 27.
Rxc2 Bb6 28. Bxe4 Nxe4 29. Kf1 f6 30. Nf3 Kf7 31. Ke2 Nd6 32. Ba3 Rd7 33. Bc5
Bd8 34. Bxd6 Rxd6 35. b4 h6 36. h4 h5 37. Ke3 Rd5 38. Rc5 Rd7 39. Rxh5 Kg6 40.
Rc5 Be7 41. Rc4 b5 42. Rc5 1/2-1/2

[Event "Ukraine Chess Championship-2017 U20 B"]
[Site "Lviv"]
[Date "2017.02.28"]
[Round "9.4"]
[White "Volotovsky, Kirill"]
[Black "Peng, Li Min"]
[Result "0-1"]
[WhiteElo "2022"]
[BlackElo "2216"]
[PlyCount "36"]
[EventDate "2017.02.21"]
[EventType "swiss"]
[EventRounds "9"]
[EventCountry "UKR"]

1. e4 e6 2. d4 d5 3. Nd2 Nc6 4. c3 dxe4 5. Nxe4 e5 6. d5 Nce7 7. Bb5+ c6 8.
dxc6 Qxd1+ 9. Kxd1 Nxc6 10. Nf3 f6 11. Be3 f5 12. Nxe5 fxe4 13. Nxc6 a6 14.
Ne7+ Kxe7 15. Bc5+ Kf7 16. Bc4+ Be6 17. Bxe6+ Kxe6 18. Bxf8 Rxf8 0-1